A day with firefighters / (Record no. 2506)

MARC details
000 -LEADER
fixed length control field 00880cam a22002894a 4500
005 - DATE AND TIME OF LATEST TRANSACTION
control field 20250513085228.0
020 ## - INTERNATIONAL STANDARD BOOK NUMBER
International Standard Book Number 9780531292518
040 ## - CATALOGING SOURCE
Original cataloging agency DLC
Transcribing agency DLC
Modifying agency DLC
Language of cataloging eng
050 00 - LIBRARY OF CONGRESS CALL NUMBER
Classification number TH9148.S53
082 00 - DEWEY DECIMAL CLASSIFICATION NUMBER
Classification number 628.9
100 1# - MAIN ENTRY--PERSONAL NAME
Personal name Shepherd, Jodie
245 12 - TITLE STATEMENT
Title A day with firefighters /
Statement of responsibility, etc. by Jodie Shepherd
246 3# - VARYING FORM OF TITLE
Title proper/short title Day with fire fighters
260 ## - PUBLICATION, DISTRIBUTION, ETC.
Place of publication, distribution, etc. New York :
Name of publisher, distributor, etc. Scholastic,
Date of publication, distribution, etc. 2013
300 ## - PHYSICAL DESCRIPTION
Extent 32 pages :
Other physical details color illustrations ;
Dimensions 19 cm
490 0# - SERIES STATEMENT
Series statement Rookie read-about community
500 ## - GENERAL NOTE
General note Includes index.
505 ## - FORMATTED CONTENTS NOTE
Formatted contents note J <br/>
520 ## - SUMMARY, ETC.
Summary, etc. Simple text presents a short introduction to fire fighters.
521 ## - TARGET AUDIENCE NOTE
Target audience note 470 <br/>
Source Lexile <br/>
521 ## - TARGET AUDIENCE NOTE
Target audience note J <br/>
Source Raz-Plus <br/>
650 #0 - SUBJECT ADDED ENTRY--TOPICAL TERM
Topical term or geographic name entry element Fire extinction
Form subdivision Juvenile literature.
650 #0 - SUBJECT ADDED ENTRY--TOPICAL TERM
Topical term or geographic name entry element Fire fighters
Form subdivision Juvenile literature.
906 ## - LOCAL DATA ELEMENT F, LDF (RLIN)
a 7
b cbc
c orignew
d 1
e ecip
f 20
g y-gencatlg
942 ## - ADDED ENTRY ELEMENTS (KOHA)
Source of classification or shelving scheme Dewey Decimal Classification
Koha item type Books
Suppress in OPAC No
999 ## -
-- 2506
-- 2506
Holdings
Withdrawn status Lost status Source of classification or shelving scheme Damaged status Not for loan Collection Home library Current library Shelving location Date acquired Total Checkouts Full call number Barcode Date last seen Date last checked out Price effective from Koha item type Copy number
    Dewey Decimal Classification     Non-Fiction Footprints International School Library Network Toul Tom Poung Campus Footprints International School Library Network Toul Tom Poung Campus TTP Primary Dark Blue Bookshelves 12/13/2023 3 CLE 628.9 TH9148.S53 FISTK03250 02/27/2024 02/20/2024 12/13/2023 Books  
    Dewey Decimal Classification     Non-Fiction Footprints International School Library Network Toul Tom Poung Campus Footprints International School Library Network Toul Tom Poung Campus TTP Primary Dark Blue Bookshelves 05/13/2025   CLE 628.9 TH9148.S53 2025-1282 05/13/2025   05/13/2025 Books 2